Dân trí và sự hình thành văn hóa cá nhân

Wedi'i Gadw mewn:
Manylion Llyfryddiaeth
Prif Awdur: Lương Hồng Quang
Fformat: Llyfr
Iaith:Undetermined
Cyhoeddwyd: Hà Nội VHTT 1999
Pynciau:
Tagiau: Ychwanegu Tag
Dim Tagiau, Byddwch y cyntaf i dagio'r cofnod hwn!
Thư viện lưu trữ: Trung tâm Học liệu Trường Đại học Cần Thơ
LEADER 00507nam a2200169Ia 4500
001 CTU_37006
008 210402s9999 xx 000 0 und d
082 |a 306.4 
082 |b Qu106 
100 |a Lương Hồng Quang 
245 0 |a Dân trí và sự hình thành văn hóa cá nhân 
245 0 |c Lương Hồng Quang 
260 |a Hà Nội 
260 |b VHTT 
260 |c 1999 
650 |a culture,vietnam - civilization 
980 |a Trung tâm Học liệu Trường Đại học Cần Thơ